<?xml version="1.0" encoding="UTF-8"?>
<collection xmlns="http://www.loc.gov/MARC21/slim">
<record>
  <controlfield tag="001">121286</controlfield>
  <controlfield tag="005">20250122145317.0</controlfield>
  <datafield tag="024" ind1="7" ind2=" ">
    <subfield code="2">doi</subfield>
    <subfield code="a">10.1108/FS-11-2018-0094</subfield>
  </datafield>
  <datafield tag="024" ind1="8" ind2=" ">
    <subfield code="2">sideral</subfield>
    <subfield code="a">113209</subfield>
  </datafield>
  <datafield tag="037" ind1=" " ind2=" ">
    <subfield code="a">ART-2019-113209</subfield>
  </datafield>
  <datafield tag="041" ind1=" " ind2=" ">
    <subfield code="a">eng</subfield>
  </datafield>
  <datafield tag="100" ind1=" " ind2=" ">
    <subfield code="a">Vicente Oliva, Silvia</subfield>
    <subfield code="0">(orcid)0000-0002-9958-9972</subfield>
  </datafield>
  <datafield tag="245" ind1=" " ind2=" ">
    <subfield code="a">Towards a contingent approach to firm strategy on the lowest levels of the hierarchy of the defence industry</subfield>
  </datafield>
  <datafield tag="260" ind1=" " ind2=" ">
    <subfield code="c">2019</subfield>
  </datafield>
  <datafield tag="506" ind1="0" ind2=" ">
    <subfield code="a">Access copy available to the general public</subfield>
    <subfield code="f">Unrestricted</subfield>
  </datafield>
  <datafield tag="520" ind1="3" ind2=" ">
    <subfield code="a">Purpose – This paper aims to provide a strategic analysis of firms at the lowest hierarchical levels of the defence industry.
Design/methodology/approach – This paper presents the main results of an exploratory, multiple-case study that analyses the current strategy drivers and their views about the future ones, and their impact at the lowest hierarchical levels of the defence industry in Spain.
Findings – This investigation develops and analyses a contingency model regarding the strategy impact and effects of firms’ drivers and clients, both mediated by the strategy players because of their huge impact on the defence industry. The research model focuses on the internal relations between technical and commercial activities due to the cause and effect of their capabilities. Simultaneously, pull and push mechanisms boost firms’ capabilities and requirements to provide strategic foresight.
Practical implications – Ministries of Defence (MoDs) and prime contractors will remain mediating players in the near future even with further implications for the competition of Defence Technological and Industrial Base (DTIB) firms. It implies that firms and MoDs must maintain a close relation and implement more flexible practices, such as open innovation, property rights or new commercialization schemes.</subfield>
  </datafield>
  <datafield tag="536" ind1=" " ind2=" ">
    <subfield code="9">info:eu-repo/grantAgreement/ES/DGA-FEDER/Construyendo Europa desde Aragón</subfield>
    <subfield code="9">info:eu-repo/grantAgreement/ES/DGA/S42-17R-CREVALOR</subfield>
    <subfield code="9">info:eu-repo/grantAgreement/ES/UZ/CUD2014-SOC-02</subfield>
  </datafield>
  <datafield tag="540" ind1=" " ind2=" ">
    <subfield code="9">info:eu-repo/semantics/openAccess</subfield>
    <subfield code="a">by-nc</subfield>
    <subfield code="u">http://creativecommons.org/licenses/by-nc/3.0/es/</subfield>
  </datafield>
  <datafield tag="592" ind1=" " ind2=" ">
    <subfield code="a">0.282</subfield>
    <subfield code="b">2019</subfield>
  </datafield>
  <datafield tag="593" ind1=" " ind2=" ">
    <subfield code="a">Economics, Econometrics and Finance (miscellaneous)</subfield>
    <subfield code="c">2019</subfield>
    <subfield code="d">Q2</subfield>
  </datafield>
  <datafield tag="593" ind1=" " ind2=" ">
    <subfield code="a">Management of Technology and Innovation</subfield>
    <subfield code="c">2019</subfield>
    <subfield code="d">Q3</subfield>
  </datafield>
  <datafield tag="593" ind1=" " ind2=" ">
    <subfield code="a">Management Science and Operations Research</subfield>
    <subfield code="c">2019</subfield>
    <subfield code="d">Q3</subfield>
  </datafield>
  <datafield tag="593" ind1=" " ind2=" ">
    <subfield code="a">Business and International Management</subfield>
    <subfield code="c">2019</subfield>
    <subfield code="d">Q3</subfield>
  </datafield>
  <datafield tag="655" ind1=" " ind2="4">
    <subfield code="a">info:eu-repo/semantics/article</subfield>
    <subfield code="v">info:eu-repo/semantics/acceptedVersion</subfield>
  </datafield>
  <datafield tag="700" ind1=" " ind2=" ">
    <subfield code="a">Martínez-Sánchez, Angel</subfield>
    <subfield code="u">Universidad de Zaragoza</subfield>
    <subfield code="0">(orcid)0000-0001-6602-8901</subfield>
  </datafield>
  <datafield tag="700" ind1=" " ind2=" ">
    <subfield code="a">Escribano-Bernal, Francisco</subfield>
    <subfield code="0">(orcid)0000-0001-8857-2094</subfield>
  </datafield>
  <datafield tag="710" ind1="2" ind2=" ">
    <subfield code="1">4012</subfield>
    <subfield code="2">650</subfield>
    <subfield code="a">Universidad de Zaragoza</subfield>
    <subfield code="b">Dpto. Direcc.Organiza.Empresas</subfield>
    <subfield code="c">Área Organización de Empresas</subfield>
  </datafield>
  <datafield tag="773" ind1=" " ind2=" ">
    <subfield code="g">21, 5 (2019), 582-604</subfield>
    <subfield code="p">Foresight</subfield>
    <subfield code="t">Foresight</subfield>
    <subfield code="x">1463-6689</subfield>
  </datafield>
  <datafield tag="856" ind1="4" ind2=" ">
    <subfield code="s">1224361</subfield>
    <subfield code="u">http://zaguan.unizar.es/record/121286/files/texto_completo.pdf</subfield>
    <subfield code="y">Postprint</subfield>
  </datafield>
  <datafield tag="856" ind1="4" ind2=" ">
    <subfield code="s">1295439</subfield>
    <subfield code="u">http://zaguan.unizar.es/record/121286/files/texto_completo.jpg?subformat=icon</subfield>
    <subfield code="x">icon</subfield>
    <subfield code="y">Postprint</subfield>
  </datafield>
  <datafield tag="909" ind1="C" ind2="O">
    <subfield code="o">oai:zaguan.unizar.es:121286</subfield>
    <subfield code="p">articulos</subfield>
    <subfield code="p">driver</subfield>
  </datafield>
  <datafield tag="951" ind1=" " ind2=" ">
    <subfield code="a">2025-01-22-14:52:03</subfield>
  </datafield>
  <datafield tag="980" ind1=" " ind2=" ">
    <subfield code="a">ARTICLE</subfield>
  </datafield>
</record>
</collection>